[Event "Liscate op"]
[Site "Liscate"]
[Date "2011.10.15"]
[Round "3"]
[White "Bemporad, Filippo"]
[Black "Gamboa, Miguel"]
[Result "1/2-1/2"]
[WhiteElo "2093"]
[BlackElo "2175"]
[PlyCount "60"]
[EventDate "2011.10.14"]
[EventType "swiss"]
[EventRounds "5"]
[EventCountry "ITA"]
[SourceTitle "EXT 2014"]
[Source "ChessBase"]
[SourceDate "2013.11.20"]
[SourceVersion "1"]
[SourceVersionDate "2013.11.20"]
[SourceQuality "1"]

1. d4 Nf6 2. Nf3 g6 3. c4 Bg7 4. Nc3 0-0 5. e4 d6 6. Be2 e5 7. 0-0 Nc6 8. d5 Ne7 9. Ne1 Nd7 10. Nd3 f5 11. Bd2 Nf6 12. f3 Rf7 13. Rc1 Bf8 14. g4 f4 15. Kg2 g5 16. Be1 Ng6 17. h3 h5 18. Bf2 Rh7 19. Rh1 Qe8 20. c5 Nh4+ 21. Bxh4 gxh4 22. cxd6 Bxd6 23. Kh2 hxg4 24. hxg4 Qg6 25. Rg1 Kh8 26. Nb5 Qg5 27. Nxd6 cxd6 28. Rc4 h3 29. Qe1 Bd7 30. Rc7 Rb8 1/2-1/2

[Event "Liscate op"]
[Site "Liscate"]
[Date "2011.10.14"]
[Round "1"]
[White "Riboldi, Raffaele"]
[Black "Gamboa, Miguel"]
[Result "0-1"]
[WhiteElo "1905"]
[BlackElo "2175"]
[PlyCount "84"]
[EventDate "2011.10.14"]
[EventType "swiss"]
[EventRounds "5"]
[EventCountry "ITA"]
[SourceTitle "EXT 2014"]
[Source "ChessBase"]
[SourceDate "2013.11.20"]
[SourceVersion "1"]
[SourceVersionDate "2013.11.20"]
[SourceQuality "1"]

1. d4 Nf6 2. c4 g6 3. Nc3 Bg7 4. e4 d6 5. Nge2 0-0 6. Ng3 e5 7. d5 a5 8. Be2 Na6 9. h4 Nc5 10. h5 Bd7 11. Be3 Qe7 12. f3 Nxh5 13. Nxh5 gxh5 14. Rxh5 f5 15. Qd2 f4 16. Bf2 Rf7 17. 0-0-0 b6 18. Rdh1 Bf6 19. Qe1 Rg7 20. Qg1 a4 21. Qh2 Rf8 22. Kb1 Be8 23. Rh3 Bg5 24. Kc2 Bd7 25. Rh5 Be8 26. Rh3 Rf6 27. g4 fxg3 28. Rxg3 Rfg6 29. Qg2 Qf6 30. Rg1 Qf4 31. Kb1 a3 32. Rd1 axb2 33. Kxb2 Na4+ 34. Kc2 Nxc3 35. Rg4 Ba4+ 36. Kxc3 Bh6 37. Rxg6 Rxg6 38. Qh3 Bxd1 39. Qc8+ Qf8 40. Qxf8+ Kxf8 41. Bxd1 Rg2 42. Bh4 Bg5 0-1

[Event "Milan Crespi op-A 30th"]
[Site "Milan"]
[Date "2009.12.07"]
[Round "4"]
[White "Tramalloni, Luca"]
[Black "Gamboa, Miguel"]
[Result "0-1"]
[WhiteElo "2143"]
[BlackElo "2175"]
[PlyCount "64"]
[EventDate "2009.12.05"]
[EventType "swiss"]
[EventRounds "9"]
[EventCountry "ITA"]
[SourceTitle "EXT 2012"]
[Source "ChessBase"]
[SourceDate "2011.11.24"]
[SourceVersion "1"]
[SourceVersionDate "2011.11.24"]
[SourceQuality "1"]

1. d4 Nf6 2. c4 g6 3. Nc3 Bg7 4. e4 d6 5. Be2 0-0 6. Bg5 c5 7. d5 e6 8. h3 exd5 9. exd5 Re8 10. Nf3 h6 11. Be3 Bf5 12. Qd2 Ne4 13. Nxe4 Bxe4 14. Rd1 Nd7 15. 0-0 Bxf3 16. Bxf3 Kh7 17. Rfe1 Qh4 18. Be2 Nf6 19. Bd3 Ne4 20. Bxe4 Rxe4 21. b3 Rae8 22. Qc1 a6 23. Kh2 b5 24. g3 Qe7 25. Bd2 Qf6 26. Kg2 Re2 27. Rxe2 Rxe2 28. Rf1 Qf5 29. a4 bxa4 30. bxa4 Qe4+ 31. Kg1 Bd4 32. Bxh6 Bxf2+ 0-1